logo

Bir Sreshtho Munshi Abdur Rouf Library
Jhenaidah Cadet College

তথ্য ও যোগাযোগ প্রযুক্তি একাদশ দ্বাদশ শ্রেণি / (Record no. 5578)

MARC details
000 -LEADER
fixed length control field 00852nam a2200241 a 4500
001 - CONTROL NUMBER
JCCL Control Number 5578
003 - CONTROL NUMBER IDENTIFIER
JCCL marc code BD-JhCC
005 - DATE AND TIME OF LATEST TRANSACTION
control field 20180908134016.0
008 - FIXED-LENGTH DATA ELEMENTS--GENERAL INFORMATION
fixed length control field 171218s2013 bg a|||| ||a| 000 0 ben d
020 ## - INTERNATIONAL STANDARD BOOK NUMBER
International Standard Book Number 984310983X
035 ## - SYSTEM CONTROL NUMBER
system control number (BD-JhCC)5578
040 ## - CATALOGING SOURCE
Original cataloging agency BD-JhCC
Modifying agency BD-JhCC
041 ## - LANGUAGE CODE
Language code of Book ben
082 ## - DEWEY DECIMAL CLASSIFICATION NUMBER
Classification number 004
Author mark and Year RAH 2013
100 ## - MAIN ENTRY--PERSONAL NAME
Personal name রহমান, প্রকোশলী মুজিবর
245 ## - TITLE STATEMENT
Title তথ্য ও যোগাযোগ প্রযুক্তি একাদশ দ্বাদশ শ্রেণি /
Statement of responsibility, etc প্রকোশলী মুজিবর রহমান
260 ## - PUBLICATION, DISTRIBUTION, ETC. (IMPRINT)
Place of publication, distribution, etc ঢাকা :
Name of publisher, distributor, etc ভয়েজার পাবলিকেশন্স,
Date of publication, distribution, etc ২০১৩.
300 ## - PHYSICAL DESCRIPTION
Pagination 328 p. :
Other physical details Ill. ;
Dimensions 25 cm.
650 ## - SUBJECT ADDED ENTRY--TOPICAL TERM
Topical term or geographic name as entry element Computer Science
650 ## - SUBJECT ADDED ENTRY--TOPICAL TERM
Topical term or geographic name as entry element Computer Engneering
942 ## - ADDED ENTRY ELEMENTS (KOHA)
Source of classification or shelving scheme Dewey Decimal Classification
Koha item type Books
Koha issues (borrowed), all copies 1
Holdings
Source of classification or shelving scheme Damaged status Not for loan Home library Current library Shelving location Date of accession Cost, normal purchase price Total Checkouts Full call number Barcode Date last seen Copy number Koha item type Date checked out
Dewey Decimal Classification     JCC Rouf Library JCC Rouf Library General Stacks 12/18/2017 148.00   004 RAH 2013 7590 12/18/2017 C - 1 Books  
Dewey Decimal Classification     JCC Rouf Library JCC Rouf Library General Stacks 12/18/2017 148.00 2 004 RAH 2013 7589 05/29/2024 C-2 Books 05/28/2024
Dewey Decimal Classification     JCC Rouf Library JCC Rouf Library General Stacks 12/18/2017 196.00   004 RAH 2013 7619 12/18/2017 C-3 Books  

JCC Library | Contacts | JCC Home

Last Update on 23 September 2017
Copyright @ 2017-2020 JCC Rouf Library
Rouf Library, Jhenidah Cadet College (JCC), Bangladesh